000 00534nam a22002177a 4500
003 UA-OsUOA
001 115849
007 ta
008 20160125b un ||||| |||| 00| 0 ukr d
100 _aКовальова В.
090 _a330(477)
_bК56
942 _cSA
040 _aUA-OsUOA
_bukr
_cUA-OsUOA
_dUA-OsUOA
245 _aУкраїну врятують інновації
300 _aС.5
955 _a0
041 _aukr
080 _a330(477)
773 0 _w115848
650 7 _a330 Економіка взагалі
_2UDC
999 _c401665
_d401665